Álbum de obras maestras del repertorio clásico colombiano

El libro Älbum de obras maestras del repertoio clásico colombiano, es un texto musical para los invidentes, que abre horizontes en el Continente, y posibilita ampliar las dimensiones significativas de numerosos ciudadanos.

Gorde:
Xehetasun bibliografikoak
Egile nagusia: Gómez Díaz, Francisco A.
Formatua: Liburua
Hizkuntza:Spanish
Argitaratua: Bogotá: IDEP, 1997
Edizioa:1
Saila:Pedagogía y formación ciudadana
Gaiak:
Sarrera elektronikoa:Enlace del recurso
Etiketak: Etiketa erantsi
Etiketarik gabe, Izan zaitez lehena erregistro honi etiketa jartzen!

MARC

LEADER 00000nam a2200000 a 4500
001 000423
008 021015s1997 ck # fr## o000|0#spa#d
020 |a 958-8018-05-6 
041 0 |a spa 
043 |a s-ck--- 
082 0 4 |a 780.9861  |b G552a 
100 1 |a Gómez Díaz, Francisco A. 
245 1 0 |a Álbum de obras maestras del repertorio clásico colombiano   |c Francisco A. Gómez Díaz 
250 |a 1 
260 |a Bogotá:  |b IDEP,  |c 1997 
300 |a 62 p. 
440 0 |a Pedagogía y formación ciudadana 
500 |a Texto en sistema braille 
520 3 |a El libro Älbum de obras maestras del repertoio clásico colombiano, es un texto musical para los invidentes, que abre horizontes en el Continente, y posibilita ampliar las dimensiones significativas de numerosos ciudadanos. 
650 1 4 |a MÚSICA PARA CIEGOS  |z COLOMBIA 
650 1 4 |a MÚSICA FOLCLÓRICA 
900 |a 20021015 
999 |c 2576  |d 2576 
856 |u https://catalogo.idep.edu.co/cgi-bin/koha/opac-detail.pl?biblionumber=2576  |z Enlace del recurso